000 00490cam a22002054a 4500
005 20250605164155.0
008 250528s ||||||||||||||||||||||||d
035 _a19544
020 _a201184885
040 _aGR-AtMCL
_bgre
_dGR-AtMCL
_eAACR2
245 1 _aTHE CRAFT OF SOFTWARE ENGINEERING
250 _a1
260 _bAddison-Wesley,
_c1987
300 _a380
700 1 _aBuxton John
_94409
700 1 _aMacro Allen
_94410
942 _cBK
999 _c4800
_d4800